000
00283nam a22001217a 4500
008
181020b xxu||||| |||| 00| 0 eng d
041
_a
eng
080
_a
941
100
_a
17
101
_a
HIS
245
_a
New Perspectives on the American Community
_c
Watren, R.L
942
_2
udc
_c
BK
999
_c
50339
_d
50339